Kornis Gyula: A leki élet [recenzió]
Elmentve itt :
| Szerző: | |
|---|---|
| Adatforrás: | Philobibl |
| Forrásdokumentuma: | Athenaeum 1918/4 219-223. p. |
| Dokumentumtípus: | Cikk |
| Nyelv: | magyar |
| LEADER | 00284nab a2200097 c 4500 | ||
|---|---|---|---|
| 001 | bibDOK00011963 | ||
| 005 | 20200924120729.6 | ||
| 008 | 060518s1918 xx hun | ||
| 100 | 1 | |a Révész Géza | |
| 245 | 1 | 0 | |a Kornis Gyula: A leki élet |b [recenzió] |c Révész Géza |
| 773 | 0 | |t Athenaeum 1918/4 |g 219-223. p. | |